[Event "VIE-ch U15"]
[Site "Ho Chi Minh City"]
[Date "2022.07.15"]
[Round "7"]
[White "Bui, Huy Phuoc"]
[Black "Doan, Phan Khiem"]
[Result "0-1"]
[WhiteElo "2284"]
[BlackElo "2288"]
[PlyCount "52"]
[EventDate "2022.07.11"]
[EventType "swiss"]
[EventRounds "9"]
[EventCountry "VIE"]
[SourceTitle "EXT 2023"]
[Source "ChessBase"]
[SourceDate "2022.10.05"]
[SourceVersion "1"]
[SourceVersionDate "2022.10.05"]
[SourceQuality "1"]

1. e4 c5 2. Nf3 e6 3. d4 cxd4 4. Nxd4 a6 5. Nc3 Qc7 6. Be2 Nf6 7. 0-0 Be7 8. Be3 d6 9. f4 0-0 10. Bf3 Nc6 11. Nxc6 bxc6 12. Na4 Rb8 13. c4 c5 14. Qc2 Bb7 15. Rad1 Nd7 16. Nc3 Rbd8 17. Ne2 Rfe8 18. Rd2 Nb8 19. f5 Nc6 20. fxe6 fxe6 21. Bg4 Bc8 22. Nf4 Bg5 23. g3 Qe7 24. Rdf2 Rf8 25. Qd2 Bf6 26. Ne2 Ne5 0-1

[Event "Titled Tuesday intern op 15th Sept"]
[Site "Chess.com INT"]
[Date "2020.09.15"]
[Round "3"]
[White "Bui, Huy Phuoc"]
[Black "Antonova, Nadezhda"]
[Result "1-0"]
[WhiteElo "1717"]
[BlackElo "1877"]
[PlyCount "71"]
[EventDate "2020.09.15"]
[EventType "swiss (blitz)"]
[EventRounds "10"]
[EventCountry "USA"]
[SourceTitle "CBM 198 Extra"]
[Source "ChessBase"]
[SourceDate "2020.11.30"]
[SourceVersion "1"]
[SourceVersionDate "2020.11.30"]
[SourceQuality "1"]

1. d4 Nf6 2. Nf3 g6 3. g3 Bg7 4. Bg2 Kf8 5. 0-0 d6 6. Nbd2 d5 7. c3 c6 8. Re1 Kg8 9. e4 dxe4 10. Nxe4 Nbd7 11. Qb3 Nxe4 12. Rxe4 Nf6 13. Re1 h6 14. Ne5 e6 15. Bf4 Qe7 16. Nc4 Kh7 17. Qc2 Rd8 18. Rad1 Nd5 19. Bc1 b6 20. h4 h5 21. Ne5 Bb7 22. Bg5 Bf6 23. Bc1 Rac8 24. Bf3 Kg8 25. Nxg6 fxg6 26. Qxg6+ Qg7 27. Qxh5 Re8 28. Re4 Kf8 29. Bh6 Rc7 30. Bxg7+ Rxg7 31. Rde1 Bc8 32. Bg4 Nc7 33. c4 Ke7 34. d5 Reg8 35. Bxe6 Nxe6 36. Rxe6+ 1-0

[Event "Titled Tuesday intern op 15th Sept"]
[Site "Chess.com INT"]
[Date "2020.09.15"]
[Round "6"]
[White "Pantzar, Milton"]
[Black "Bui, Huy Phuoc"]
[Result "0-1"]
[WhiteElo "2424"]
[BlackElo "1717"]
[PlyCount "102"]
[EventDate "2020.09.15"]
[EventType "swiss (blitz)"]
[EventRounds "10"]
[EventCountry "USA"]
[SourceTitle "CBM 198 Extra"]
[Source "ChessBase"]
[SourceDate "2020.11.30"]
[SourceVersion "1"]
[SourceVersionDate "2020.11.30"]
[SourceQuality "1"]

1. d4 c6 2. c4 d5 3. Nf3 Nf6 4. g3 g6 5. Bg2 Bg7 6. 0-0 0-0 7. Qb3 dxc4 8. Qxc4 Be6 9. Qa4 Nbd7 10. Nc3 Nb6 11. Qc2 Nbd5 12. e4 Nxc3 13. bxc3 Bc4 14. Re1 Qa5 15. a4 c5 16. d5 Nd7 17. Bb2 Rac8 18. Nd2 Ba6 19. c4 Bxb2 20. Qxb2 Nb6 21. Qc2 Nd7 22. e5 e6 23. Ne4 exd5 24. cxd5 Kg7 25. Qb2 Qb4 26. Qxb4 cxb4 27. f4 Nc5 28. Nd6 Rcd8 29. Rab1 b3 30. Rec1 b6 31. a5 Bd3 32. Rb2 Bc2 33. axb6 axb6 34. Rbxc2 bxc2 35. Rxc2 f6 36. Nc4 fxe5 37. fxe5 Nd3 38. e6 Nb4 39. Rb2 Nxd5 40. Nxb6 Nxb6 41. e7 Rd1+ 42. Bf1 Rfxf1+ 43. Kg2 Rfe1 44. Rxb6 Rxe7 45. Rb2 Rde1 46. Kh3 R1e2 47. Rb8 h5 48. Rb6 Kh6 49. Ra6 Rb2 50. g4 hxg4+ 51. Kh4 Re4 0-1

[Event "Titled Tuesday intern op 01st Sept"]
[Site "Chess.com INT"]
[Date "2020.09.01"]
[Round "3"]
[White "Grabinsky, Vladimir"]
[Black "Bui, Huy Phuoc"]
[Result "1-0"]
[WhiteElo "2219"]
[BlackElo "1717"]
[PlyCount "73"]
[EventDate "2020.09.01"]
[EventType "swiss (blitz)"]
[EventRounds "10"]
[EventCountry "USA"]
[SourceTitle "CBM 198 Extra"]
[Source "ChessBase"]
[SourceDate "2020.11.30"]
[SourceVersion "1"]
[SourceVersionDate "2020.11.30"]
[SourceQuality "1"]

1. e4 c6 2. d4 d5 3. e5 Bf5 4. Nf3 e6 5. Be2 c5 6. Be3 Ne7 7. dxc5 Nec6 8. c4 dxc4 9. Na3 Qa5+ 10. Kf1 Nd7 11. Nxc4 Qc7 12. Nd6+ Ke7 13. Rc1 Ndxe5 14. Nxe5 Nxe5 15. Bf4 f6 16. Bxe5 fxe5 17. Qd2 Kf6 18. h4 h6 19. g4 Bg6 20. Rh3 e4 21. Qf4+ Ke7 22. h5 Bh7 23. Rb3 Rb8 24. Rd1 Qxc5 25. Qf7+ Kd8 26. Nxb7+ Kc8 27. Nxc5 Bxc5 28. Rxb8+ Kxb8 29. Qxg7 Rc8 30. Qxh7 Rc7 31. Qxe4 a5 32. Bf3 Ka7 33. Rd8 Kb6 34. Rb8+ Ka6 35. Qa8+ Ra7 36. Qc6+ Bb6 37. Qxb6# 1-0

[Event "Titled Tuesday intern op 01st Sept"]
[Site "Chess.com INT"]
[Date "2020.09.01"]
[Round "2"]
[White "Matveev, Vladimir1111"]
[Black "Bui, Huy Phuoc"]
[Result "1-0"]
[WhiteElo "2368"]
[BlackElo "1717"]
[PlyCount "77"]
[EventDate "2020.09.01"]
[EventType "swiss (blitz)"]
[EventRounds "10"]
[EventCountry "USA"]
[SourceTitle "CBM 198 Extra"]
[Source "ChessBase"]
[SourceDate "2020.11.30"]
[SourceVersion "1"]
[SourceVersionDate "2020.11.30"]
[SourceQuality "1"]

1. d4 d5 2. c4 c6 3. Nf3 Nf6 4. Qc2 e6 5. g3 Bd6 6. Bg2 0-0 7. 0-0 Nbd7 8. Nfd2 Qe7 9. Nc3 dxc4 10. Nxc4 Bc7 11. b3 Nb6 12. Ba3 Qe8 13. Bxf8 Qxf8 14. e4 Nxc4 15. bxc4 c5 16. d5 b6 17. d6 Bxd6 18. e5 Bxe5 19. Bxa8 Ba6 20. Bg2 Bxc4 21. Rfe1 Bd4 22. Rad1 Ba6 23. Ne2 e5 24. Nxd4 exd4 25. Qf5 Qd6 26. Qe5 Qd8 27. g4 h6 28. h3 Bb5 29. f4 d3 30. g5 hxg5 31. fxg5 Nh5 32. Bd5 Kh7 33. Bxf7 g6 34. Bd5 Ng7 35. Rf1 Qc8 36. Rf7 Qg8 37. Qf4 Qd8 38. Qf6 Qxf6 39. gxf6 1-0

[Event "VIE-ch U11"]
[Site "Hai Phong"]
[Date "2018.07.09"]
[Round "4"]
[White "Nguyen, Khac Tu"]
[Black "Bui, Huy Phuoc"]
[Result "0-1"]
[WhiteElo "1898"]
[BlackElo "1903"]
[PlyCount "107"]
[EventDate "2018.07.07"]
[EventType "swiss"]
[EventRounds "9"]
[EventCountry "VIE"]
[SourceTitle "EXT 2019"]
[Source "ChessBase"]
[SourceDate "2018.10.10"]
[SourceVersion "1"]
[SourceVersionDate "2018.10.10"]
[SourceQuality "1"]

1. d4 Nf6 2. c4 e6 3. Nf3 b6 4. Nc3 Bb4 5. e3 Bb7 6. Bd3 0-0 7. 0-0 Bxc3 8. bxc3 c5 9. Ba3 d6 10. Rb1 Qc7 11. Qe2 Ne4 12. Rfc1 Nd7 13. Nd2 f5 14. f3 Nxd2 15. Qxd2 e5 16. d5 Rae8 17. Qc2 g6 18. Rf1 Nf6 19. e4 f4 20. Kf2 g5 21. Be2 h5 22. Ke1 Bc8 23. Kd2 g4 24. Rg1 Kf7 25. Rbf1 Rg8 26. Qd1 Rg7 27. Kc2 Reg8 28. Bc1 h4 29. Re1 gxf3 30. gxf3 Qd7 31. Rxg7+ Rxg7 32. Rg1 Qa4+ 33. Kb1 Qxd1 34. Rxg7+ Kxg7 35. Bxd1 Bh3 36. Bd2 Kg6 37. Be1 Kh5 38. Be2 Bg2 39. Kc2 Nh7 40. Kd3 Ng5 41. Bd2 Bxf3 42. Bxf3+ Nxf3 43. Bc1 Kg4 44. Ke2 Nxh2 45. Kf2 Nf3 46. Kg2 Ng5 47. Bd2 Nxe4 48. Be1 f3+ 49. Kg1 h3 50. a3 a6 51. a4 a5 52. Kh2 f2 53. Bxf2 Nxf2 54. Kg1 0-1

[Event "Hanoi HD Bank op-B 8th"]
[Site "Hanoi"]
[Date "2018.03.12"]
[Round "5"]
[White "Vu, Vinh Hoang"]
[Black "Bui, Huy Phuoc"]
[Result "0-1"]
[WhiteElo "1175"]
[BlackElo "1624"]
[PlyCount "74"]
[EventDate "2018.03.10"]
[EventType "swiss"]
[EventRounds "9"]
[EventCountry "VIE"]
[SourceTitle "CBM 183 Extra"]
[Source "ChessBase"]
[SourceDate "2018.04.19"]
[SourceVersion "1"]
[SourceVersionDate "2018.04.19"]
[SourceQuality "1"]

1. e4 e6 2. d4 d5 3. exd5 exd5 4. Bd3 Bd6 5. Ne2 Ne7 6. 0-0 0-0 7. c3 Bf5 8. Bf4 c6 9. Bxd6 Qxd6 10. Bxf5 Nxf5 11. Qd3 Qf6 12. Ng3 Nd6 13. Nd2 Nd7 14. Nf3 Rfe8 15. Rfe1 Qf4 16. Qd2 Qg4 17. h3 Qg6 18. Ne5 Nxe5 19. dxe5 Nc4 20. Qd4 Nxb2 21. Rab1 Nd3 22. Re3 Nc5 23. Rbe1 b6 24. f4 Ne6 25. Qb4 a5 26. Qxb6 Nxf4 27. Rf3 Nd3 28. Ree3 Nxe5 29. Rf5 Nc4 30. Rxe8+ Rxe8 31. Qc7 Qe6 32. Kh2 f6 33. Qf4 Ne3 34. Rh5 g6 35. Rh6 Qe5 36. Qa4 Nf5 37. Qg4 Nxh6 0-1